header

US financial regulation and the level playing field (Record no. 75033)

MARC details
000 -LEADER
fixed length control field 01444nam a22003374a 4500
082 04 - DEWEY DECIMAL CLASSIFICATION NUMBER
Classification number 346.73/082
100 1# - MAIN ENTRY--AUTHOR NAME
Personal name Garten, Helen A.
245 10 - TITLE STATEMENT
Title US financial regulation and the level playing field
260 ## - PUBLICATION, DISTRIBUTION, ETC. (IMPRINT)
Place of publication Houndmills, Basingstoke, Hampshire ;
-- New York :
Name of publisher Palgrave,
Year of publication 2001.
300 ## - PHYSICAL DESCRIPTION
Number of Pages xvi, 236 p. :
Other physical details ill.
650 #0 - SUBJECT ADDED ENTRY--TOPICAL TERM
Topical Term Financial institutions
Topical Term Financial institutions
Topical Term International finance.
Topical Term Competition
856 40 - ELECTRONIC LOCATION AND ACCESS
Uniform Resource Identifier http://site.ebrary.com/lib/rucke/Doc?id=10044068

No items available.

© 2026 Rongo University
Contact us: librarian | system librarian | Rongo university